[Event "PRO League Group Stage"]
[Site "chess.com INT"]
[Date "2020.01.15"]
[Round "2"]
[White "Edouard, Romain"]
[Black "Niemann, Hans Moke"]
[Result "1-0"]
[WhiteTitle "GM"]
[BlackTitle "IM"]
[WhiteElo "2640"]
[BlackElo "2465"]
[WhiteTeam "France Roosters"]
[BlackTeam "Norway Gnomes"]
[WhiteFideId "633429"]
[BlackFideId "2093596"]
[EventDate "2020.01.06"]

1. Nf3 g6 2. d4 Bg7 3. e4 d6 4. Bc4 c6 5. Bb3 Bg4 6. Bxf7+ Kxf7 7. Ng5+ Ke8 8.
Qxg4 Nf6 9. Qe6 Rf8 10. e5 dxe5 11. dxe5 Qa5+ 12. Bd2 Qb6 13. exf6 Rxf6 14. Qc8+
Qd8 15. Qxd8+ Kxd8 16. Bc3 1-0

[Event "PRO League Group Stage"]
[Site "chess.com INT"]
[Date "2020.01.20"]
[Round "3"]
[White "Palliser, Richard J D"]
[Black "Fedoseev, Vladimir3"]
[Result "1/2-1/2"]
[WhiteTitle "IM"]
[BlackTitle "GM"]
[WhiteElo "2399"]
[BlackElo "2671"]
[WhiteTeam "U.K. Lions"]
[BlackTeam "New York Marshalls"]
[WhiteFideId "407372"]
[BlackFideId "24130737"]
[EventDate "2020.01.06"]

1. d4 Nf6 2. Bg5 d5 3. e3 g6 4. Bxf6 exf6 5. c4 dxc4 6. Bxc4 Bg7 7. Nc3 O-O 8.
h4 h5 9. Nge2 Bh6 10. Qc2 Kg7 11. O-O-O Nd7 12. Kb1 Nb6 13. Bb3 Qe7 14. Rhe1 Bd7
15. e4 Rac8 16. Ng3 c5 17. dxc5 Rxc5 18. Qd3 Rfc8 19. Nge2 Qe5 20. g3 Bg4 21. f3
Bd7 22. f4 Qc7 23. Nd4 Bg4 24. Rc1 a6 25. Rc2 Qd8 26. Rd2 Qe7 27. Qe3 Kg8 28.
Rc1 Nc4 29. Bxc4 Rxc4 30. Re1 Qc5 31. Nc2 Qa5 32. Nd5 Kh8 33. Nxf6 Be6 34. a3
Bg7 35. f5 Qe5 36. fxe6 Qxf6 37. e5 Qxe6 38. Nd4 Qe7 39. e6 Kh7 40. Nf3 fxe6 41.
Ng5+ Kh8 42. Qxe6 Qxe6 43. Rxe6 R4c6 44. Rdd6 Rxd6 45. Rxd6 Rc7 46. Rxg6 Be5 47.
Ne6 Rc6 48. Nf8 Bd6 49. Nd7 Be7 50. Rxc6 bxc6 51. Ne5 c5 52. g4 hxg4 53. Nxg4
Bxh4 54. Kc2 Kg7 55. Kd3 Kf7 56. Kc4 Be7 57. Ne3 Ke6 58. Nd5 Bd6 59. b4 cxb4 60.
Nxb4 a5 61. Nc6 Bxa3 62. Nxa5 1/2-1/2

[Event "PRO League Group Stage"]
[Site "chess.com INT"]
[Date "2020.01.20"]
[Round "3"]
[White "Guseinov, Gadir"]
[Black "Roberson, Peter T"]
[Result "1-0"]
[WhiteTitle "GM"]
[BlackTitle "IM"]
[WhiteElo "2666"]
[BlackElo "2435"]
[WhiteTeam "New York Marshalls"]
[BlackTeam "U.K. Lions"]
[WhiteFideId "13401378"]
[BlackFideId "412384"]
[EventDate "2020.01.06"]

1. e4 e6 2. d4 d5 3. Nd2 c5 4. Ngf3 cxd4 5. exd5 Qxd5 6. Bc4 Qd7 7. O-O Nc6 8.
Nb3 a6 9. Nbxd4 Nxd4 10. Nxd4 Qc7 11. Bd3 Bd6 12. Qh5 Nf6 13. Qh4 Bd7 14. Rb1
O-O-O 15. b4 Nd5 16. b5 axb5 17. Nxb5 Bxb5 18. Rxb5 Nc3 19. Rb3 Be5 20. Be3 Rd5
21. g3 Qc6 22. Re1 Rhd8 23. Bb6 Rxd3 24. cxd3 Rxd3 25. Qh5 f5 26. Rxe5 Rd1+ 27.
Qxd1 Nxd1 28. Rc5 1-0

[Event "PRO League Group Stage"]
[Site "chess.com INT"]
[Date "2020.01.20"]
[Round "3"]
[White "Lenderman, Aleksandr"]
[Black "Tan, Justin2"]
[Result "1/2-1/2"]
[WhiteTitle "GM"]
[BlackTitle "GM"]
[WhiteElo "2638"]
[BlackElo "2511"]
[WhiteTeam "New York Marshalls"]
[BlackTeam "U.K. Lions"]
[WhiteFideId "2021285"]
[BlackFideId "3206882"]
[EventDate "2020.01.06"]

1. d4 Nf6 2. c4 e6 3. Nf3 d5 4. g3 Be7 5. Bg2 O-O 6. Nc3 dxc4 7. Ne5 Nc6 8. Bxc6
bxc6 9. Nxc6 Qe8 10. Nxe7+ Qxe7 11. Qa4 c5 12. dxc5 Qxc5 13. Be3 Qc7 14. f3 Nd5
15. Bd4 a5 16. Kf2 Rb8 17. Nxd5 exd5 18. Rhd1 Bf5 19. Rd2 Rfe8 20. Kg2 h5 21.
Re1 Bd7 22. Qa3 Re6 23. Bc3 Rb5 24. Bd4 Bc6 25. Qc3 f6 26. h4 f5 27. Kf2 Rb8 28.
Rg1 Rbe8 29. e3 a4 30. Rg2 Qe7 31. Kg1 Ra8 32. Kh2 Re8 33. Rde2 Rf8 34. Kg1 Rf7
35. Kf1 Qd6 36. Ke1 Rfe7 37. Kd1 Rg6 38. f4 Rge6 39. Kc1 Rb7 40. Qa3 Qd8 41. Kb1
Qa5 42. Rg1 Qa6 43. Rd2 Re8 44. Be5 Qb6 45. Ka1 Qa5 46. Rgd1 Rd7 47. Bd4 Qb5 48.
Qc5 Qxc5 49. Bxc5 Kf7 50. Kb1 g6 51. Kc2 Rb8 52. Kc3 Ke6 53. Ba3 Rdb7 54. Rd4
Rd7 55. R1d2 Rc8 56. Rc2 Rb8 57. Kd2 Rdb7 58. Kc1 Rd7 59. Rc3 Rdb7 60. Rc2 Rd7
61. Kd2 Rbb7 62. Kc3 Rb8 63. Bb4 Rdb7 64. a3 Rd7 65. Rcd2 Rbb7 66. Rd1 Rb8 67.
R4d2 Kf7 68. Re1 Re8 69. Rd4 Bb7 70. Rdd1 Re4 71. Rd4 Re8 1/2-1/2

[Event "PRO League Group Stage"]
[Site "chess.com INT"]
[Date "2020.01.20"]
[Round "3"]
[White "Naroditsky, Daniel"]
[Black "Flores, Diego"]
[Result "0-1"]
[WhiteTitle "GM"]
[BlackTitle "GM"]
[WhiteElo "2621"]
[BlackElo "2599"]
[WhiteTeam "California Unicorns"]
[BlackTeam "Argentina Krakens"]
[WhiteFideId "2026961"]
[BlackFideId "108049"]
[EventDate "2020.01.06"]

1. Nf3 c5 2. e4 e6 3. b3 a6 4. Bb2 Nc6 5. g3 d5 6. Qe2 d4 7. e5 Nge7 8. Bg2 d3
9. cxd3 Nb4 10. O-O Nc2 11. Nc3 Nxa1 12. Rxa1 Nc6 13. Ne4 Be7 14. Rc1 b6 15. d4
O-O 16. dxc5 bxc5 17. d4 a5 18. dxc5 Ba6 19. Qe3 Nb4 20. a3 Nd3 21. Rd1 Rb8 22.
Bf1 Rxb3 23. Bc3 Rxc3 24. Nxc3 Bxc5 25. Rxd3 Bxd3 26. Qxd3 Qxd3 27. Bxd3 Bxa3
28. Na4 Rd8 29. Be4 Rc8 30. Nd2 g5 31. Kf1 Bb4 32. Nb3 g4 33. Ke2 Kg7 34. Bd3 h5
35. Ke3 Rb8 36. Bc2 Kh6 37. Ke2 Rb5 38. Be4 Rxe5 39. Kd3 f5 40. Bg2 Re1 41. Nd4
Kg5 42. f4+ Kf6 43. Nb6 Rd1+ 44. Kc4 Rd2 45. Bc6 Rxh2 46. Nd7+ Ke7 47. Ne5 Bd6
48. Ba8 Bxe5 49. Nc6+ Kf6 50. fxe5+ Kf7 51. Nd8+ Ke7 52. Nc6+ Kd7 53. Nd4 h4 54.
gxh4 Rxh4 55. Bc6+ Ke7 56. Kd3 g3 57. Nf3 g2 58. Ke2 Rc4 59. Bb5 Rb4 60. Bc6
Rb2+ 61. Ke3 Kd8 62. Ba4 Kc7 63. Be8 Kb6 64. Bf7 Rb3+ 65. Kf2 Rxf3+ 66. Kxg2 Re3 0-1

[Event "PRO League Group Stage"]
[Site "chess.com INT"]
[Date "2020.01.20"]
[Round "3"]
[White "Oparin, Grigoriy"]
[Black "Perez Ponsa, Federico"]
[Result "1-0"]
[WhiteTitle "GM"]
[BlackTitle "GM"]
[WhiteElo "2650"]
[BlackElo "2559"]
[WhiteTeam "California Unicorns"]
[BlackTeam "Argentina Krakens"]
[WhiteFideId "24125890"]
[BlackFideId "117927"]
[EventDate "2020.01.06"]

1. Nf3 Nf6 2. c4 g6 3. g3 Bg7 4. Bg2 O-O 5. Nc3 d6 6. d4 Nbd7 7. O-O e5 8. e4
exd4 9. Nxd4 Nc5 10. Qc2 Re8 11. Rd1 Bd7 12. h3 Qc8 13. Kh2 Re5 14. Nf3 Rh5 15.
h4 Bg4 16. Re1 Qd7 17. Bd2 Re8 18. Rac1 a5 19. b3 Be6 20. Kg1 Ng4 21. Ne2 Ne5
22. Nf4 Nxf3+ 23. Bxf3 Re5 24. Bc3 Bg4 25. Bxg4 Qxg4 26. Bxe5 dxe5 27. Ng2 Ne6
28. Qd1 Qh3 29. Rc3 Nd4 30. Rd3 h5 31. Ne3 Rd8 32. Nc2 Qe6 33. Nxd4 exd4 34. c5
a4 35. bxa4 Ra8 36. e5 Qc6 37. Rxd4 Kh7 38. Rd7 Qe6 39. Qd5 Qxd5 40. Rxd5 Rxa4
41. Rd7 Kg8 42. Rxc7 1-0

[Event "PRO League Group Stage"]
[Site "chess.com INT"]
[Date "2020.01.20"]
[Round "3"]
[White "Obregon, Andres Carlos"]
[Black "Sarana, Alexey"]
[Result "1-0"]
[WhiteTitle "GM"]
[BlackTitle "GM"]
[WhiteElo "2525"]
[BlackElo "2656"]
[WhiteTeam "Argentina Krakens"]
[BlackTeam "California Unicorns"]
[WhiteFideId "111724"]
[BlackFideId "24133795"]
[EventDate "2020.01.06"]

1. e4 c5 2. Nf3 d6 3. d4 cxd4 4. Nxd4 Nf6 5. Nc3 a6 6. Be2 e5 7. Nb3 Be7 8. Be3
Be6 9. Nd5 Bxd5 10. exd5 Nbd7 11. Qd3 Rc8 12. c4 O-O 13. O-O Ne8 14. Qd2 f5 15.
f3 b6 16. Rac1 a5 17. Na1 h6 18. Nc2 Nc5 19. b3 Bg5 20. f4 Ne4 21. Qd3 exf4 22.
Bxf4 Bxf4 23. Rxf4 g6 24. Nd4 Ng7 25. Rcf1 Qf6 26. Qxe4 fxe4 27. Rxf6 1-0

[Event "PRO League Group Stage"]
[Site "chess.com INT"]
[Date "2020.01.20"]
[Round "3"]
[White "Bitelmajer, Martin"]
[Black "Shankland, Sam"]
[Result "1/2-1/2"]
[WhiteTitle "IM"]
[BlackTitle "GM"]
[WhiteElo "2475"]
[BlackElo "2683"]
[WhiteTeam "Argentina Krakens"]
[BlackTeam "California Unicorns"]
[WhiteFideId "111651"]
[BlackFideId "2004887"]
[EventDate "2020.01.06"]

1. d4 d5 2. c4 c6 3. Nf3 Nf6 4. Qb3 dxc4 5. Qxc4 Bf5 6. g3 e6 7. Bg2 Be7 8. O-O
O-O 9. Nc3 Nbd7 10. Re1 Ne4 11. Qb3 Qb6 12. Qxb6 axb6 13. Nh4 Bxh4 14. gxh4 Ndf6
15. Nxe4 Bxe4 16. f3 Bd5 17. a3 Rfd8 18. e4 Bc4 19. Be3 b5 20. Rac1 Nd7 21. Red1
e5 22. Rd2 exd4 23. Rxd4 Ne5 24. Rcd1 Re8 25. Kf2 Bb3 26. Rc1 Rad8 27. Rc3 Be6
28. Bf1 Bc4 29. Rxd8 Rxd8 30. Bf4 Ng6 31. Bg5 f6 32. Bxc4+ bxc4 33. Be3 b5 34.
h5 Ne5 35. Ke2 Kf7 36. h3 Rd3 37. f4 Rxc3 38. bxc3 Nd3 39. f5 c5 40. h6 g6 41.
fxg6+ Kxg6 42. Kf3 f5 43. exf5+ Kxf5 44. h4 Ne5+ 45. Ke2 Nd7 46. Kf3 Ne5+ 47.
Ke2 Ke4 48. Bxc5 Ng4 49. Bf8 Nf6 50. Bg7 Nd5 51. Kd2 Kf3 52. Kc2 Ke2 53. Be5
Ne3+ 54. Kb2 Kd3 55. Bg7 Nf5 56. a4 bxa4 57. Ka3 Nxh4 58. Kxa4 Nf5 59. Kb4 Ne3
60. Kc5 Nd1 61. Kb4 Nf2 62. Bf6 Ne4 63. Bg7 Ng5 64. Bf6 Ne4 1/2-1/2

[Event "PRO League Group Stage"]
[Site "chess.com INT"]
[Date "2020.01.20"]
[Round "3"]
[White "Disconzi da Silva, Rodrigo"]
[Black "Tari, Aryan"]
[Result "0-1"]
[WhiteTitle "IM"]
[BlackTitle "GM"]
[WhiteElo "2333"]
[BlackElo "2635"]
[WhiteTeam "Brazil Capybaras"]
[BlackTeam "Canada Chessbrahs"]
[WhiteFideId "2100991"]
[BlackFideId "1510045"]
[EventDate "2020.01.06"]

1. d4 d5 2. c4 e6 3. Nc3 Bb4 4. e3 Nf6 5. Nf3 O-O 6. Bd3 dxc4 7. Bxc4 c5 8. O-O
b6 9. Qe2 Bb7 10. Rd1 Bxc3 11. bxc3 Qc7 12. Bd3 Be4 13. Bb2 Qb7 14. Bxe4 Nxe4
15. c4 Nd7 16. d5 exd5 17. Rxd5 Ndf6 18. Rd3 Rae8 19. h3 h6 20. Rad1 b5 21. Rb3
b4 22. Rbd3 a5 23. Ne5 a4 24. Ng4 Re6 25. Rd8 Rxd8 26. Rxd8+ Kh7 27. Qd3 Nxg4
28. hxg4 Rg6 29. Rd7 Qc6 30. Rxf7 Rxg4 31. f3 Rxg2+ 32. Kh1 Rxb2 33. Re7 Qg6 34.
Qxe4 Qxe4 35. Rxe4 Rxa2 0-1

[Event "PRO League Group Stage"]
[Site "chess.com INT"]
[Date "2020.01.20"]
[Round "3"]
[White "Flores, Diego"]
[Black "Oparin, Grigoriy"]
[Result "0-1"]
[WhiteTitle "GM"]
[BlackTitle "GM"]
[WhiteElo "2599"]
[BlackElo "2650"]
[WhiteTeam "Argentina Krakens"]
[BlackTeam "California Unicorns"]
[WhiteFideId "108049"]
[BlackFideId "24125890"]
[EventDate "2020.01.06"]

1. c4 e6 2. Nf3 d5 3. g3 Nf6 4. Bg2 dxc4 5. O-O a6 6. a4 Nbd7 7. Na3 Bxa3 8.
Rxa3 Rb8 9. d3 cxd3 10. Rxd3 O-O 11. Qc2 Nd5 12. Bd2 Qe7 13. Rd4 N7f6 14. e4 c5
15. Rc4 Nb4 16. Bxb4 cxb4 17. e5 Nd5 18. h4 h6 19. Nd2 Bd7 20. Rg4 Rbc8 21. Qd1
f5 22. exf6 Nxf6 23. Rd4 Bc6 24. Re1 Bxg2 25. Kxg2 Rfd8 26. Nf3 a5 27. Qb3 Re8
28. Ne5 Qc5 29. Rd2 b5 30. axb5 Qxb5 31. Qf3 Rc5 32. Rde2 a4 33. g4 Rc7 34. g5
Nd5 35. Ng4 Rf8 36. Qe4 Nf4+ 37. Kh2 Nxe2 38. Qxe6+ Kh8 39. Rxe2 Qc4 40. Qxc4
Rxc4 41. Ne5 Rxh4+ 42. Kg3 hxg5 43. Ng6+ Kg8 44. Nxf8 Kxf8 45. Re5 Rc4 46. Rxg5
b3 47. Ra5 Ke7 48. Ra7+ Kd6 49. Rxg7 Rc7 50. Rg6+ Kc5 51. f4 a3 52. Re6 axb2 53.
Re1 Kb4 54. Rb1 Ka3 0-1

[Event "PRO League Group Stage"]
[Site "chess.com INT"]
[Date "2020.01.20"]
[Round "3"]
[White "Perez Ponsa, Federico"]
[Black "Naroditsky, Daniel"]
[Result "1/2-1/2"]
[WhiteTitle "GM"]
[BlackTitle "GM"]
[WhiteElo "2559"]
[BlackElo "2621"]
[WhiteTeam "Argentina Krakens"]
[BlackTeam "California Unicorns"]
[WhiteFideId "117927"]
[BlackFideId "2026961"]
[EventDate "2020.01.06"]

1. e4 e5 2. Nf3 Nc6 3. Nc3 Nf6 4. d4 exd4 5. Nxd4 Bc5 6. Be3 Bb6 7. Qd2 O-O 8.
O-O-O Re8 9. f3 d5 10. exd5 Nxd5 11. Bg5 Nf6 12. Nxc6 Qxd2+ 13. Bxd2 bxc6 14.
Bc4 Bf5 15. Rhe1 h6 16. g4 Bg6 17. Rxe8+ Rxe8 18. Re1 Rd8 19. h4 h5 20. g5 Nd5
21. Ne4 Ne7 22. a4 Nf5 23. a5 Bd4 24. Rh1 Nd6 25. Nxd6 cxd6 26. c3 Bf2 27. Rh2
Bg3 28. Rh3 Bf2 29. Rh2 Bg3 30. Rh3 Bf2 31. Rh2 1/2-1/2

[Event "PRO League Group Stage"]
[Site "chess.com INT"]
[Date "2020.01.20"]
[Round "3"]
[White "Shankland, Sam"]
[Black "Obregon, Andres Carlos"]
[Result "0-1"]
[WhiteTitle "GM"]
[BlackTitle "GM"]
[WhiteElo "2683"]
[BlackElo "2525"]
[WhiteTeam "California Unicorns"]
[BlackTeam "Argentina Krakens"]
[WhiteFideId "2004887"]
[BlackFideId "111724"]
[EventDate "2020.01.06"]

1. e4 e5 2. Nf3 Nc6 3. Bb5 d6 4. O-O Bd7 5. Re1 a6 6. Bxc6 bxc6 7. d4 f6 8. c4
Ne7 9. dxe5 dxe5 10. Nc3 Ng6 11. Be3 Bb4 12. Qc2 O-O 13. a3 Bd6 14. Na4 Qe8 15.
Nd2 Nh4 16. g3 Bh3 17. Bc5 Rd8 18. Re3 Bxc5 19. Nxc5 Qg6 20. Rd3 Qg5 21. Ndb3
Qg4 22. Qd1 Rxd3 23. Qxg4 Nf3+ 24. Kh1 Bxg4 25. Nxd3 Rb8 26. Nb4 Ng5 27. Kg2
Bf3+ 28. Kf1 Nxe4 29. c5 Rb5 30. Nc1 Nxc5 31. b3 a5 32. Nbd3 Nxb3 33. Nxb3 Rxb3
34. Nc5 Rb2 35. Ne6 a4 36. Nc5 Be2+ 37. Ke1 Bb5 38. h4 Re2+ 39. Kd1 Rxf2 40. Rc1
Rf1+ 41. Kd2 Rxc1 42. Kxc1 f5 43. Nd7 e4 44. Kd2 Kf7 45. Ke3 h6 46. Kf4 g6 47.
Nc5 Kf6 48. Nd7+ Ke6 49. Nf8+ Kf7 50. Nd7 Ke7 51. Ne5 Kf6 52. Nd7+ Kg7 53. Nc5
g5+ 54. hxg5 hxg5+ 55. Kxf5 e3 56. Ne6+ Kh6 57. Nxg5 e2 58. Nf3 c5 59. Kf4 c4
60. Ke3 c3 61. Ne1 c5 62. Nc2 Kg5 63. Kf2 Bd3 64. Ne1 c4 65. Ke3 c2 66. Kd2 Kg4 0-1

[Event "PRO League Group Stage"]
[Site "chess.com INT"]
[Date "2020.01.20"]
[Round "3"]
[White "Sarana, Alexey"]
[Black "Bitelmajer, Martin"]
[Result "1-0"]
[WhiteTitle "GM"]
[BlackTitle "IM"]
[WhiteElo "2656"]
[BlackElo "2475"]
[WhiteTeam "California Unicorns"]
[BlackTeam "Argentina Krakens"]
[WhiteFideId "24133795"]
[BlackFideId "111651"]
[EventDate "2020.01.06"]

1. d4 Nf6 2. c4 e6 3. Nf3 Bb4+ 4. Nbd2 O-O 5. a3 Bxd2+ 6. Qxd2 d6 7. e3 b6 8.
Be2 Bb7 9. b4 Nbd7 10. O-O Qe7 11. Bb2 c5 12. Rfd1 Ne4 13. Qc2 a5 14. Nd2 Ndf6
15. Nf1 axb4 16. axb4 cxb4 17. f3 Nc3 18. Bxc3 bxc3 19. Qxc3 e5 20. Rab1 Nd7 21.
Qb4 Rfe8 22. e4 Ra2 23. Rb2 Rxb2 24. Qxb2 g6 25. Bd3 Qg5 26. Bc2 Re7 27. Ba4
exd4 28. Bxd7 Rxd7 29. Qxb6 d3 30. Rxd3 Qc1 31. Rxd6 Rxd6 32. Qxd6 Qxc4 33. Ne3
Qc3 34. Kf2 h5 35. h4 Qb2+ 36. Kg3 Qc3 37. Qf4 Qe1+ 38. Kh2 Bc6 39. Nc4 Bd7 40.
Ne5 Be6 41. Qf6 Qc3 42. Qg5 Kh7 43. Nxg6 fxg6 44. Qe7+ Kh6 45. Qxe6 Qe1 46. Qf6
Qb4 47. Qh8# 1-0

[Event "PRO League Group Stage"]
[Site "chess.com INT"]
[Date "2020.01.20"]
[Round "3"]
[White "Tari, Aryan"]
[Black "Martins, Vinicius Tine"]
[Result "1-0"]
[WhiteTitle "GM"]
[BlackTitle "FM"]
[WhiteElo "2635"]
[BlackElo "2309"]
[WhiteTeam "Canada Chessbrahs"]
[BlackTeam "Brazil Capybaras"]
[WhiteFideId "1510045"]
[BlackFideId "2112884"]
[EventDate "2020.01.06"]

1. Nf3 Nf6 2. c4 c5 3. Nc3 b6 4. d4 cxd4 5. Nxd4 Bb7 6. f3 Qc7 7. e4 a6 8. Be3
e6 9. Qd2 Be7 10. Be2 O-O 11. O-O d6 12. Rfc1 Nbd7 13. a4 Rac8 14. a5 Qb8 15.
axb6 Nxb6 16. Nxe6 fxe6 17. Bxb6 Bxe4 18. Rxa6 Qb7 19. c5 Ra8 20. Rxa8 Rxa8 21.
Nxe4 Nxe4 22. fxe4 dxc5 23. Bxc5 Bxc5+ 24. Rxc5 Qxe4 25. Bf3 Ra1+ 26. Rc1 Rxc1+
27. Qxc1 1-0

[Event "PRO League Group Stage"]
[Site "chess.com INT"]
[Date "2020.01.20"]
[Round "3"]
[White "Tan, Justin2"]
[Black "Guseinov, Gadir"]
[Result "1/2-1/2"]
[WhiteTitle "GM"]
[BlackTitle "GM"]
[WhiteElo "2511"]
[BlackElo "2666"]
[WhiteTeam "U.K. Lions"]
[BlackTeam "New York Marshalls"]
[WhiteFideId "3206882"]
[BlackFideId "13401378"]
[EventDate "2020.01.06"]

1. e4 c5 2. Nf3 g6 3. d4 cxd4 4. Nxd4 Nc6 5. c4 Nf6 6. Nc3 Nxd4 7. Qxd4 d6 8.
Be2 Bg7 9. O-O O-O 10. Qe3 Qb6 11. Rb1 Be6 12. b3 Qxe3 13. Bxe3 Rfc8 14. Rfc1
Kf8 15. f3 a6 16. Nd5 Nxd5 17. cxd5 Bd7 18. Kf2 f5 19. Bd3 fxe4 20. Bxe4 b5 21.
h4 b4 22. h5 Kf7 23. hxg6+ hxg6 24. Rxc8 Rxc8 25. Rc1 Bc3 26. Rh1 Bg7 27. Rc1 1/2-1/2

[Event "PRO League Group Stage"]
[Site "chess.com INT"]
[Date "2020.01.20"]
[Round "3"]
[White "Roberson, Peter T"]
[Black "Lenderman, Aleksandr"]
[Result "1/2-1/2"]
[WhiteTitle "IM"]
[BlackTitle "GM"]
[WhiteElo "2435"]
[BlackElo "2638"]
[WhiteTeam "U.K. Lions"]
[BlackTeam "New York Marshalls"]
[WhiteFideId "412384"]
[BlackFideId "2021285"]
[EventDate "2020.01.06"]

1. e4 e6 2. d4 d5 3. e5 c5 4. c3 Nc6 5. Nf3 Qb6 6. Be2 cxd4 7. cxd4 Nge7 8. Na3
Nf5 9. Nc2 Be7 10. O-O Bd7 11. Bd3 Rc8 12. Rb1 Nb4 13. Nxb4 Qxb4 14. a3 Qb6 15.
Kh1 Bb5 16. g4 Nh4 17. Nxh4 Bxh4 18. Be3 Be7 19. f4 Bxd3 20. Qxd3 h5 21. gxh5
Rxh5 22. f5 Qa6 23. Qxa6 bxa6 24. fxe6 fxe6 25. Rbc1 Rxc1 26. Rxc1 Rh3 27. Rc3
Kd7 28. Kg2 Rh4 29. Rb3 Kc8 30. Rc3+ Kb7 31. Rb3+ Kc8 1/2-1/2

[Event "PRO League Group Stage"]
[Site "chess.com INT"]
[Date "2020.01.20"]
[Round "3"]
[White "Fedoseev, Vladimir3"]
[Black "Haydon, David L"]
[Result "1/2-1/2"]
[WhiteTitle "GM"]
[BlackTitle "FM"]
[WhiteElo "2671"]
[BlackElo "2294"]
[WhiteTeam "New York Marshalls"]
[BlackTeam "U.K. Lions"]
[WhiteFideId "24130737"]
[BlackFideId "415405"]
[EventDate "2020.01.06"]

1. d4 Nf6 2. c4 g6 3. Nc3 d5 4. Bf4 c6 5. e3 Bg7 6. h3 O-O 7. Nf3 Nbd7 8. Rc1
dxc4 9. Bxc4 Nb6 10. Bb3 Bf5 11. O-O Ne4 12. g4 Nxc3 13. bxc3 Bd7 14. e4 Rc8 15.
Be3 Qe8 16. Ne5 c5 17. Nxd7 Nxd7 18. e5 cxd4 19. cxd4 Nb6 20. Qf3 Rxc1 21. Rxc1
Qd7 22. a4 e6 23. a5 Nd5 24. Bxd5 exd5 25. Rc5 Rd8 26. Bg5 b6 27. axb6 axb6 28.
Rc2 Rb8 29. Bf4 Ra8 30. Qb3 h5 31. f3 hxg4 32. hxg4 Bf8 33. Qxb6 Ra1+ 34. Kg2
Qa4 35. Qb2 Qa6 36. Bc1 Ra4 37. Qb8 Ra2 38. Rxa2 Qxa2+ 39. Qb2 Qc4 40. Be3 Bb4
41. Kf2 Kg7 42. Qe2 Qc3 43. Kg2 Qc8 44. Kg3 Be7 45. Qd2 Qh8 46. Qh2 Qc8 47. Bh6+
Kg8 48. Qe2 g5 49. Qe3 Qd8 50. Qc1 Kh7 51. Qh1 Kg8 52. Qb1 Qc8 53. f4 Qc3+ 54.
Kg2 Qxd4 55. Qf5 Qd2+ 56. Kf3 Qc3+ 57. Ke2 Qb2+ 58. Kf3 Qb3+ 59. Kg2 Qb2+ 60.
Kf3 Qc3+ 61. Kg2 Qb2+ 62. Kf3 1/2-1/2

[Event "PRO League Group Stage"]
[Site "chess.com INT"]
[Date "2020.01.20"]
[Round "3"]
[White "Sarana, Alexey"]
[Black "Flores, Diego"]
[Result "1-0"]
[WhiteTitle "GM"]
[BlackTitle "GM"]
[WhiteElo "2656"]
[BlackElo "2599"]
[WhiteTeam "California Unicorns"]
[BlackTeam "Argentina Krakens"]
[WhiteFideId "24133795"]
[BlackFideId "108049"]
[EventDate "2020.01.06"]

1. e4 c5 2. Nf3 e6 3. d4 cxd4 4. Nxd4 a6 5. c4 Nf6 6. Nc3 Qc7 7. Be2 b6 8. O-O
Bb7 9. Qd3 Nc6 10. Nxc6 Bxc6 11. Be3 Bc5 12. Bxc5 bxc5 13. f4 O-O 14. Rad1 Rad8
15. Rd2 d5 16. cxd5 exd5 17. e5 Ne4 18. Nxe4 dxe4 19. Qe3 Rxd2 20. Qxd2 Rd8 21.
Qe3 Qb6 22. b3 Bb5 23. Bxb5 axb5 24. h3 Rd4 25. Kh2 h6 26. Rc1 b4 27. f5 Kh7 28.
Rc2 Qb5 29. Qg3 Qf1 30. f6 g5 31. Rf2 Qe1 32. e6 Rd1 33. Qc7 Qg1+ 34. Kg3 Rd3+
35. Kg4 h5+ 36. Kxh5 Rxh3+ 37. gxh3 Qd1+ 38. Kxg5 Qd5+ 39. Kh4 Qxe6 40. Qg3 1-0

[Event "PRO League Group Stage"]
[Site "chess.com INT"]
[Date "2020.01.20"]
[Round "3"]
[White "Shankland, Sam"]
[Black "Perez Ponsa, Federico"]
[Result "0-1"]
[WhiteTitle "GM"]
[BlackTitle "GM"]
[WhiteElo "2683"]
[BlackElo "2559"]
[WhiteTeam "California Unicorns"]
[BlackTeam "Argentina Krakens"]
[WhiteFideId "2004887"]
[BlackFideId "117927"]
[EventDate "2020.01.06"]

1. d4 Nf6 2. c4 g6 3. Nc3 Bg7 4. e4 d6 5. Nge2 a6 6. Ng3 h5 7. Be2 h4 8. Nf1 h3
9. g4 c5 10. d5 b5 11. Ng3 bxc4 12. g5 Nfd7 13. Bxc4 O-O 14. O-O a5 15. a4 Ne5
16. Bb5 c4 17. Be3 Ba6 18. Bd4 Nbd7 19. Kh1 Nd3 20. Bxg7 Kxg7 21. b3 N7c5 22.
bxc4 e5 23. dxe6 fxe6 24. f4 Nxf4 25. Nf5+ Rxf5 26. exf5 Bb7+ 27. Nd5 Qxg5 28.
Rg1 Qxf5 29. Rg4 Nxd5 30. cxd5 Bxd5+ 31. Kg1 Bf3 0-1

[Event "PRO League Group Stage"]
[Site "chess.com INT"]
[Date "2020.01.20"]
[Round "3"]
[White "Obregon, Andres Carlos"]
[Black "Naroditsky, Daniel"]
[Result "1/2-1/2"]
[WhiteTitle "GM"]
[BlackTitle "GM"]
[WhiteElo "2525"]
[BlackElo "2621"]
[WhiteTeam "Argentina Krakens"]
[BlackTeam "California Unicorns"]
[WhiteFideId "111724"]
[BlackFideId "2026961"]
[EventDate "2020.01.06"]

1. e4 e5 2. Nf3 Nc6 3. Bb5 a6 4. Ba4 Nf6 5. O-O Be7 6. d3 b5 7. Bb3 d6 8. a4 b4
9. a5 O-O 10. Nbd2 Rb8 11. Re1 h6 12. Bc4 Be6 13. Nf1 Nd7 14. Ng3 Nc5 15. b3 d5
16. exd5 Bxd5 17. Bb2 Bxc4 18. dxc4 Qxd1 19. Raxd1 f6 20. Nf5 Rfd8 21. Ne3 Nxa5
22. Ra1 Nc6 23. Nd5 Bd6 24. Nh4 Ne7 25. f4 Nxd5 26. fxe5 Bxe5 27. Bxe5 fxe5 28.
Rxe5 c6 29. cxd5 Rxd5 30. Re7 Rbd8 31. Rae1 Rd1 32. Kf2 R8d2+ 33. R1e2 Rxe2+ 34.
Kxe2 Rd5 35. g4 Rd7 36. Re5 Nb7 37. Re8+ Kf7 38. Rc8 c5 39. Nf5 a5 40. Rc6 1/2-1/2